DEMAIS LIMITES DO TUCANO - Statistics

Estatísticas Gerais
  • Esse quiz foi jogado 2 091 vezes
  • A pontuação média é 37 de 46
Estatísticas das Respostas
Hint UNIDADE DE MEDIDA Resposta % Correto
Força G máx positiva G 6
92%
Força G máx negativa G -3
89%
2º Ciclo da Partida s - min 30-3
89%
Ligar aquecimento Pitot/Px (abaixo de...) ºC 5
89%
1º Ciclo da Partida s - min 30-3
88%
3º Ciclo da Partida s - min 30-30
88%
Faixa vermelha Ng %Ng 101,5
86%
Peso médio kg 2520
86%
Assimetria máxima de combustível lb 265
86%
Altitude máxima de operação FT 30000
86%
Peso máximo bagageiro kg 30
85%
Pressão máxima e mínima de oxigênio psi 450-50
85%
Ciclo Único da Partida s - min 60-30
85%
Peso máximo bagageiro (2 tripulantes) kg 10
84%
Faixa vermelha Tacômetro da Hélice %Nh 100
84%
Assimetria máxima de combustível no parafuso lb 200
84%
Sobrecarga do gerador (... A por ... min) A/min 250-5
83%
Quantidade máxima de combustível total L 694
83%
Peso máximo pra POUSO kg 2800
82%
Quantidade máxima de combustível por conjunto L 347
82%
Quantidade máxima de combustível utilizável L 670
82%
Faixa vermelha T5 ºC 790
82%
Faixa vermelha Temperatura do Óleo ºC 99
82%
Faixa vermelha Torquímetro lb 1795
81%
Força G máx flape baixado G 0-2
80%
Números gerador (... VDC MAX ... A) VDC/A 29-200
80%
Faixa verde T5 ºC 400-740
80%
Faixa amarela Pressão do Óleo psi 40-75
80%
Peso do assento kg 63
80%
Faixa verde Pressão do Óleo psi 75-95
80%
Peso máximo pra DEP kg 3175
79%
Faixa verde Ng %Ng 50-101,5
79%
Faixa amarela T5 ºC 740-790
79%
Faixa amarela Temperatura do Óleo ºC 0-10
78%
Faixa de ar mais turbulento ft 10000-20000
78%
Faixa verde Temperatura do Óleo ºC 10-99
78%
Peso sem combustível kg 2050
77%
Faixa vermelha Pressão do Óleo (dois extremos) psi 40-95
77%
G máximo (peso maior 2550kgf) G 4,4-2,2
76%
Faixa verde Torquímetro lb 300-1795
74%
Faixa de ar menos turbulento (abaixo de ... e acima de ...) ft 6000-30000
73%
Passeio do CG (2300kg) %cma 26,5-31
70%
Passeio do CG (3175kg) %cma 28-30
70%
Passeio do CG (2550kg) %cma 28,5-31
68%
Peso do combustível kg 540
68%
Faixa verde Tacômetro da Hélice %Nh 81-98,5
68%
Nenhum quiz correspondente encontrado
Distribuição das Pontuações
Porcentagem de Pessoas com Cada Pontuação
Percentil de Números Respondidos
Sua Pontuação Histórica
Você não jogou esse quiz